Kỹ năng sáng tạo trong làm việc nhóm = The innovation code: The creative power of constructive conflict
Đã lưu trong:
| 主要作者: | |
|---|---|
| 格式: | Sách |
| 語言: | Undetermined |
| 出版: |
Lao động; Công ty Văn hoá và Truyền thông 1980 Books
2019
|
| 主題: | |
| 標簽: |
添加標簽
沒有標簽, 成為第一個標記此記錄!
|
| Thư viện lưu trữ: | Trung tâm Thư viện - Trường Đại học Công nghiệp TP. Hồ Chí Minh |
|---|
| LEADER | 00650nam a2200157Ia 4500 | ||
|---|---|---|---|
| 001 | UIH_00340 | ||
| 008 | 230809s9999 xx 000 0 und d | ||
| 082 | |a 658.4063 | ||
| 100 | |a Degraff, Jeff | ||
| 245 | 0 | |a Kỹ năng sáng tạo trong làm việc nhóm = The innovation code: The creative power of constructive conflict | |
| 245 | 0 | |c Degraff, Jeff | |
| 260 | |b Lao động; Công ty Văn hoá và Truyền thông 1980 Books | ||
| 260 | |c 2019 | ||
| 650 | |a Khả năng sáng tạo trong kinh doanh;Hành vi tổ chứ; | ||
| 927 | |a Sách | ||
| 980 | |a Trung tâm Thư viện - Trường Đại học Công nghiệp TP. Hồ Chí Minh | ||